000 00302nam a2200133Ia 4500
005 20251222140111.0
008 251222s1900||||xx |||||||||||||| ||spa||
020 _a848432170-3
082 _a171.2/M12V
100 _aMacIntyre, Alasdair
245 0 _aTras la Virtud
264 _bCrítica
942 _cLIB
999 _c4308
_d4308